Statistics for English Counties in Alphabetical Order

Click here to take the quiz!

General Stats

  • This quiz has been taken 234 times
  • The average score is 32 of 48

Answer Stats

County% Correct
BBedfordshire
92%
BBerkshire
85%
DDevon
83%
BBuckinghamshire
82%
CCornwall
82%
CCambridgeshire
77%
KKent
77%
DDerbyshire
76%
HHerefordshire
75%
CCheshire
74%
DDorset
74%
HHertfordshire
74%
EEast Sussex
73%
EEast Riding of
Yorkshire
70%
LLeicestershire
70%
CCumbria
69%
HHampshire
69%
GGloucestershire
68%
LLancashire
68%
EEssex
67%
GGreater Manchester
67%
LLincolnshire
67%
GGreater London
66%
NNorth Yorkshire
66%
DDurham
64%
IIsle of Wight
64%
MMerseyside
64%
RRutland
64%
TTyne and Wear
63%
OOxfordshire
61%
WWest Yorkshire
61%
WWorcestershire
61%
NNorfolk
60%
WWest Sussex
60%
SShropshire
59%
NNottinghamshire
58%
WWarwickshire
58%
NNorthumberland
56%
SSomerset
56%
SSuffolk
56%
SSurrey
56%
NNorthamptonshire
55%
SSouth Yorkshire
55%
SStaffordshire
55%
CCity of London
53%
CCity of Bristol
50%
WWiltshire
50%
WWest Midlands
42%

Score Distribution

Percentile by Number Answered

Percent of People with Each Score

Your Score History

You have not taken this quiz